Estudios de arte mudéjar aragonés / (Record no. 42548)

MARC details
000 -LEADER
campo de control de longitud fija 01204nam a2200289 i 4500
001 - NÚMERO DE CONTROL
campo de control 42548
003 - IDENTIFICADOR DE NÚMERO DE CONTROL
campo de control ES-MaACL
005 - FECHA Y HORA DE LA ÚLTIMA TRANSACCIÓN
campo de control 20230906160632.0
007 - CAMPO FIJO DE DESCRIPCIÓN FÍSICA--INFORMACIÓN GENERAL
campo de control de longitud fija t|
008 - DATOS DE LONGITUD FIJA--INFORMACIÓN GENERAL
campo de control de longitud fija 030407s2002 sp ||||1| spa d
020 ## - NÚMERO INTERNACIONAL ESTÁNDAR DEL LIBRO
Número Internacional Estándar del Libro 84-7820-651-5
080 ## - NÚMERO DE LA CLASIFICACIÓN DECIMAL UNIVERSAL
Número de la Clasificación Decimal Universal 7.033.3(460.22)
100 1# - ENTRADA PRINCIPAL--NOMBRE DE PERSONA
Nombre de persona López Landa, José María.
9 (RLIN) 73721
245 10 - MENCIÓN DEL TÍTULO
Título Estudios de arte mudéjar aragonés /
Mención de responsabilidad, etc. José María López Landa, Francisco Íñiguez Almech, Leopoldo Torres Balbás ; edición facsímil al cuidado de Gonzalo M. Borrás Gualis.
260 ## - PUBLICACIÓN, DISTRIBUCIÓN, ETC.
Lugar de publicación, distribución, etc. Zaragoza :
Nombre del editor, distribuidor, etc. Institución "Fernando el Católico",
Fecha de publicación, distribución, etc. 2002.
300 ## - DESCRIPCIÓN FÍSICA
Extensión 239 p. :
Otras características físicas il., planos ;
Dimensiones 24 cm.
490 1# - MENCIÓN DE SERIE
Mención de serie Publicación de la Institución Fernando el Católico ;
Designación de volumen o secuencia 2271
500 ## - NOTA GENERAL
Nota general Reprod. de distintos artículos publicados entre 1923 y 1956.
650 #4 - PUNTO DE ACCESO ADICIONAL DE MATERIA--TÉRMINO DE MATERIA
Término de materia o nombre geográfico como elemento de entrada Arte mudéjar-
Subdivisión geográfica Aragón.
9 (RLIN) 10249
700 1# - ENTRADA AGREGADA--NOMBRE PERSONAL
Nombre de persona Iñiguez Almech, Francisco.
9 (RLIN) 65371
700 1# - ENTRADA AGREGADA--NOMBRE PERSONAL
Nombre de persona Torres Balbás, Leopoldo.
9 (RLIN) 110926
700 1# - ENTRADA AGREGADA--NOMBRE PERSONAL
Nombre de persona Borrás Gualis, Gonzalo M.
9 (RLIN) 30560
710 2# - ENTRADA AGREGADA--NOMBRE DE ENTIDAD CORPORATIVA
Nombre de entidad corporativa o nombre de jurisdicción como elemento de entrada Institución "Fernando el Católico"
9 (RLIN) 4721
830 10 - PUNTO DE ACCESO ADICIONAL DE SERIE-TÍTULO UNIFORME
Título uniforme Publicación ... de la Institución Fernando el Católico
Designación de volumen o secuencia 2271
9 (RLIN) 233871
852 ## - LOCALIZACIÓN
Ubicación ES-MaACL
Número de control de estantería L-26153
Holdings
Estatus retirado Estado de pérdida Estado de daño No para préstamo Biblioteca de origen Biblioteca actual Ubicación en estantería Fecha de adquisición Fuente de adquisición Total de préstamos Signatura topográfica completa Código de barras Visto por última vez Precio de reemplazo Tipo de ítem Koha
        Biblioteca del Ateneo de Madrid Biblioteca del Ateneo de Madrid Depósito 2 17/01/2008     L-26153 1044790 23/02/2023 23/02/2023 Libro impreso